The Message of Quran Vol 01 - 06 (Record no. 533350)
[ view plain ]
| 000 -LEADER | |
|---|---|
| fixed length control field | 00450nam a2200169 4500 |
| 003 - CONTROL NUMBER IDENTIFIER | |
| control field | Nust |
| 005 - DATE AND TIME OF LATEST TRANSACTION | |
| control field | 20191226131642.0 |
| 008 - FIXED-LENGTH DATA ELEMENTS--GENERAL INFORMATION | |
| fixed length control field | 170302b xxu||||| |||| 00| 0 eng d |
| 038 ## - RECORD CONTENT LICENSOR | |
| Staff Name | MSOHAIL |
| 040 ## - CATALOGING SOURCE | |
| Transcribing agency | DLC |
| 082 ## - DEWEY DECIMAL CLASSIFICATION NUMBER | |
| Classification number | 915.4 |
| 100 ## - MAIN ENTRY--PERSONAL NAME | |
| Personal name | Muhammad Asad |
| 9 (RLIN) | 322 |
| 245 ## - TITLE STATEMENT | |
| Title | The Message of Quran Vol 01 - 06 |
| 260 ## - PUBLICATION, DISTRIBUTION, ETC. | |
| Place of publication, distribution, etc. | England: |
| Date of publication, distribution, etc. | The Book Foundation |
| Name of publisher, distributor, etc. | c2003 |
| 300 ## - PHYSICAL DESCRIPTION | |
| Extent | 159;p. : 321;p, 507;p, 689;p; 871;p; 1164;p; |
| Dimensions | 25cm |
| 942 ## - ADDED ENTRY ELEMENTS (KOHA) | |
| Source of classification or shelving scheme | |
| Koha item type | Book |
| Withdrawn status | Lost status | Source of classification or shelving scheme | Damaged status | Not for loan | Permanent Location | Current Location | Date acquired | Total Checkouts | Full call number | Barcode | Date last seen | Price effective from | Koha item type |
|---|---|---|---|---|---|---|---|---|---|---|---|---|---|
| School of Civil and Environmental Engineering (SCEE) | School of Civil and Environmental Engineering (SCEE) | 12/26/2019 | 915.4 | NIT-8927 | 12/26/2019 | 12/26/2019 | Book | ||||||
| School of Civil and Environmental Engineering (SCEE) | School of Civil and Environmental Engineering (SCEE) | 12/26/2019 | 915.4 | NIT-8928 | 12/26/2019 | 12/26/2019 | Book | ||||||
| School of Civil and Environmental Engineering (SCEE) | School of Civil and Environmental Engineering (SCEE) | 12/26/2019 | 915.4 | NIT-8929 | 12/26/2019 | 12/26/2019 | Book | ||||||
| School of Civil and Environmental Engineering (SCEE) | School of Civil and Environmental Engineering (SCEE) | 12/26/2019 | 915.4 | NIT-8930 | 12/26/2019 | 12/26/2019 | Book | ||||||
| School of Civil and Environmental Engineering (SCEE) | School of Civil and Environmental Engineering (SCEE) | 12/26/2019 | 915.4 | NIT-8931 | 12/26/2019 | 12/26/2019 | Book | ||||||
| School of Civil and Environmental Engineering (SCEE) | School of Civil and Environmental Engineering (SCEE) | 12/26/2019 | 915.4 | NIT-8932 | 12/26/2019 | 12/26/2019 | Book |
